|
|
|
|
| LEADER |
00000nab a2200000 a 4500 |
| 001 |
vtls000920956 |
| 003 |
SK-MaSNL |
| 005 |
20260303033954.0 |
| 008 |
040720e19930224xo 0 slo |
| 035 |
|
|
|a KE29833
|
| 040 |
|
|
|a KEVKJB
|b slo
|c KEVKJB
|e AACR2
|
| 041 |
0 |
|
|a slo
|
| 044 |
|
|
|a xo
|c SK
|
| 080 |
|
|
|a 502.3:061.23
|2 1981
|
| 100 |
0 |
|
|a (mila)
|4 aut
|9 1018574
|
| 245 |
1 |
0 |
|a Varovne zdvihnutý prst
|b Aj príroda potrebuje diagnózu
|
| 650 |
0 |
7 |
|a Monotorovacie a prieskumné laboratórium CO
|2 KEVKJB
|9 1018575
|
| 650 |
0 |
7 |
|a pozadie riadiačné prírodné
|2 KEVKJB
|9 1018576
|
| 650 |
0 |
7 |
|a výskyt
|2 KEVKJB
|9 877910
|
| 650 |
0 |
7 |
|a merania výskytu
|2 KEVKJB
|9 1018577
|
| 650 |
0 |
7 |
|a informácie
|2 KEVKJB
|9 1285
|
| 651 |
|
7 |
|a Slovensko východné
|2 KEVKJB
|
| 651 |
|
7 |
|a Jasov (Slovensko)
|2 KEVKJB
|9 22401
|
| 651 |
|
7 |
|a KS,
|2 KEVKJB
|9 880381
|
| 655 |
|
7 |
|a periodikum
|2 snkbucl
|9 29553
|
| 773 |
0 |
8 |
|t Lúč
|g Roč. 2, č.45, 24.2.1993, s. 4
|
| 852 |
|
|
|a ZVYKNI
|b KIS3GCP
|
| 999 |
|
|
|c 1671908
|d 1673838
|